Statistics for Every 25k+ City in Poland on a Map

Click here to take the quiz!

General Stats

  • This quiz has been taken 179 times
  • The average score is 71 of 178

Answers on the Map

Answers color-coded by a green-red scale on the quiz's map according to % correct below.
 

Answer Stats

PopulationCity% Correct
757,611Kraków
96%
1,700,612Warszawa
96%
460,276Gdańsk
94%
410,131Szczecin
92%
728,892Łódź
90%
554,696Poznań
90%
630,131Wrocław
90%
249,139Gdynia
85%
294,001Białystok
83%
363,926Bydgoszcz
83%
310,764Katowice
83%
349,103Lublin
83%
202,196Kielce
73%
179,952Rzeszów
73%
204,954Toruń
73%
236,796Częstochowa
69%
221,287Radom
69%
137,479Zielona Góra
69%
174,645Olsztyn
66%
131,867Opole
66%
124,668Elbląg
65%
109,248Koszalin
65%
216,420Sosnowiec
63%
187,474Gliwice
62%
38,690Sopot
61%
176,902Bytom
59%
124,534Gorzów Wielkopolski
59%
69,239Suwałki
59%
27,857Zakopane
59%
174,534Bielsko-Biała
58%
83,860Jelenia Góra
58%
114,053Tarnów
58%
75,357Lubin
56%
124,553Płock
56%
120,715Wałbrzych
56%
103,238Legnica
55%
74,775Piła
55%
65,966Zamość
55%
59,044Ełk
54%
95,882Słupsk
54%
58,009Biała Podlaska
52%
111,692Chorzów
52%
105,386Kalisz
52%
47,129Kołobrzeg
52%
65,000Przemyśl
52%
116,783Włocławek
52%
66,362Chełm
51%
76,086Inowrocław
51%
78,525Konin
51%
84,290Nowy Sącz
51%
41,480Świnoujście
51%
129,378Tychy
51%
181,128Zabrze
49%
69,608Głogów
46%
70,322Gniezno
46%
47,471Krosno
46%
69,966Stargard Szczeciński
46%
140,924Rybnik
45%
98,726Grudziądz
44%
39,387Malbork
44%
76,717Piotrków Trybunalski
44%
60,889Tczew
44%
125,905Dąbrowa Górnicza
42%
64,630Leszno
42%
61,549Mielec
42%
72,810Ostrów Wielkopolski
41%
142,510Ruda Śląska
41%
30,802Augustów
39%
63,203Łomża
39%
40,342Oświęcim
39%
32,525Zgorzelec
39%
33,812Nowy Targ
38%
48,821Tarnobrzeg
38%
94,732Jaworzno
37%
28,750Kłodzko
37%
75,446Mysłowice
37%
53,572Ostrołęka
37%
58,144Pruszków
37%
39,511Sanok
37%
76,333Siedlce
37%
65,182Stalowa Wola
37%
92,465Jastrzębie-Zdrój
35%
53,526Legionowo
35%
42,378Piaseczno
35%
46,714Rumia
35%
49,191Starogard Gdański
35%
40,447Chojnice
34%
47,217Dębica
34%
35,789Lębork
34%
49,941Puławy
34%
48,622Skierniewice
34%
65,998Tomaszów Mazowiecki
34%
49,922Wejherowo
34%
60,485Bełchatów
32%
36,248Cieszyn
32%
33,321Iława
32%
45,681Nysa
32%
70,170Siemianowice Śląskie
32%
60,437Świdnica
32%
60,847Tarnowskie Góry
32%
39,857Jarosław
31%
64,153Kędzierzyn-Koźle
31%
69,177Pabianice
31%
56,289Racibórz
31%
40,787Szczecinek
31%
58,306Zgierz
31%
62,094Żory
31%
32,448Żywiec
31%
30,187Bochnia
30%
37,071Jasło
30%
73,681Ostrowiec Świętokrzyski
30%
39,365Żary
30%
37,438Brzeg
28%
30,178Giżycko
28%
46,429Kutno
28%
44,808Otwock
28%
57,917Piekary Śląskie
28%
48,362Radomsko
28%
43,903Sieradz
28%
40,209Bolesławiec
27%
29,363Grodzisk Mazowiecki
27%
29,880Łowicz
27%
39,347Mińsk Mazowiecki
27%
40,369Nowa Sól
27%
31,847Oława
27%
34,060Ostróda
27%
27,787Pruszcz Gdański
27%
48,580Skarżysko-Kamienna
27%
59,069Będzin
25%
28,819Gorlice
25%
38,632Kwidzyn
25%
31,040Łuków
25%
30,859Mława
25%
28,156Nowy Dwór Mazowiecki
25%
37,118Oleśnica
25%
34,036Police
25%
38,141Sochaczew
25%
52,359Starachowice
25%
40,710Świdnik
25%
49,346Wodzisław Śląski
25%
45,481Ciechanów
24%
27,066Marki
24%
37,319Olkusz
24%
30,928Swarzędz
24%
26,435Wałcz
24%
37,397Wołomin
24%
29,526Września
24%
41,574Żyrardów
24%
26,679Bielsk Podlaski
23%
34,952Dzierżoniów
23%
26,324Jarocin
23%
28,466Kętrzyn
23%
29,832Luboń
23%
53,150Świętochłowice
23%
25,254Szczytno
23%
29,059Turek
23%
28,857Ząbki
23%
52,091Zawiercie
23%
25,022Bartoszyce
21%
27,291Biłgoraj
21%
35,445Czechowice-Dziedzice
21%
33,745Czeladź
21%
36,370Kraśnik
21%
29,627Krotoszyn
21%
26,791Żagań
21%
28,416Brodnica
20%
38,829Chrzanów
20%
39,505Mikołów
20%
26,650Świecie
20%
25,327Wągrowiec
20%
27,312Wyszków
20%
44,213Zduńska Wola
20%
32,817Myszków
18%
26,066Pszczyna
18%
30,343Śrem
18%
31,699Bielawa
17%
39,595Knurów
17%
28,626Czerwionka-Leszczyny
10%

Score Distribution

Percentile by Number Answered

Percent of People with Each Score

Your Score History

You have not taken this quiz